000 01553nam a2200373 i 4500
001 41457
003 Mx-PuUPA
005 20260218153314.0
008 140415s1983 000 0 spa d
017 _aM-360-2018
020 _a9788491101734
040 _aMx-PuUPA
_bspa
_cMx-PuUPA
_dMx-PuUPA
_erda
041 0 _aspa
245 1 0 _aManual de epidemiología y salud pública :
_bpara grados en Ciencias de la Salud /
_cdirectores, Idelfonso Hernández-Aguado, Blanca Lumbreras Lacarra
250 _a3a. edición
264 1 _aMadrid, España :
_bEditorial Médica Panamericana,
_c2018
300 _a407 páginas :
_bilustraciones ;
_c24 cm
336 _2rdacontent
_atexto
_btxt
337 _2rdamedia
_asin medio
_bn
338 _2rdacarrier
_avolumen
_bnc
500 _aReimpresiones: (3a. reimpresión, mayo, 2022).
501 _aCon: versión digital
650 7 _2armarc
_aEpidemiología
650 7 _2armarc
_aEpidemiología
_vTratados, manuales, etc.
650 7 _2armarc
_aSalud Pública
_vTratados, manuales, etc.
650 7 _2armarc
_aPlanificación de la salud
700 1 _aHernández-Aguado, Ildefonso.
_edirector
_97849
700 1 _aLumbreras Lacarra, Blanca,
_edirector
942 _2ddc
_cLI
_h614.4
_iM26
999 _c41457
_d41457